000 00599cam a2200205 4500
001 J1567
008 090401t1993 xxu||||| |||| 00| 0 eng d
035 _a(Sirsi) u44248
041 _aeng
110 _aEurope
_bEuropean Communities Council
_92364
245 _aCouncil Directive 93/7/EEC of 15 March 1993 on the return of cultural objects unlawfully removed from the territory of a Member State.
260 _c1993
300 _a(7)p. ; 30cm.
350 _a0
650 _aCULTURAL OBJECTS
650 _aEC DIRECTIVES
650 _aEUROPEAN COMMUNITY
942 _n0
948 _c04/03/1997
999 _c91467
_d91467